000 00740nam a2200265 i 4500
001 C2-0248223
003 PPAK
005 20180727212554.0
008 030409s2003 my a|||| ||||| | may d
020 _a9832336732
040 _aPPAK
_beng
_cPPAK
_erda
082 0 4 _a899.233
_223
090 0 0 _a899.233
_bFAU
_dK
100 0 _aFauziah Abd. Ralip,
_eauthor
245 1 0 _aSeluang pulang ke lubuk
264 1 _aKuala Lumpur :
_bPustaka Buana ,
_c2003
300 _a128 pages :
_billustrations ;
_c22 cm
336 _2rdacontent
_atext
337 _2rdamedia
_aunmediated
338 _2rdacarrier
_avolume
490 1 _aSiri remaja gemilang
650 1 0 _aChildren's stories, Malay.
830 0 _aSiri remaja gemilang
942 _ddc
_cB
999 _c61942
_d61942